000 00519nam a2200169 4500
001 136559
003 ES-MaACL
005 20230906195151.0
007 t|
008 070214s1961 sp r ||||1| spa d
100 1 _aRyan, Cornelius.
_9101095
245 1 3 _aEl día más largo del siglo /
_cCornelius Ryan ; traducción del inglés por Ramón Gil Novales.
260 _aBarcelona :
_bGrijalbo,
_c1961.
300 _a245 p. ;
_c24 cm.
700 1 _aGil Novales, Ramón.
_956852
852 _aES-MaACL
_jC-19799
_bR.47484
999 _c136559
_d136559